Spotrebiteľské úvery bakalárska práca

Enregistré dans:
Détails bibliographiques
Auteur principal: Štofiková, Stanislava
Collectivité auteur: Podnikovohospodárska fakulta EU so sídlom v Košiciach. Katedra ekonómie
Autres auteurs: Bačová, Monika
Format: Livre
Langue:slovaque
Publié: Košice 2016
Tags: Ajouter un tag
Pas de tags, Soyez le premier à ajouter un tag!

MARC

LEADER 00000nbm a2200000 4500
001 0217705
005 20240827093019.0
041 0 |a slo 
044 |a SK 
245 1 0 |a Spotrebiteľské úvery  |b bakalárska práca  |c Stanislava Štofiková ; školiteľ: Monika Bačová 
264 1 |a Košice  |c 2016 
300 |a 52 s. 
100 1 |a Štofiková, Stanislava 
700 1 |a Bačová, Monika 
710 2 |a Podnikovohospodárska fakulta EU so sídlom v Košiciach. Katedra ekonómie